000 00328nam a22001217a 4500
008 200125b ||||| |||| 00| 0 eng d
020 _a9788126530038
100 _aTODD,David Keith
245 _aGround Water Hydrology
250 _aThird edition (24 February 2011)
260 _aNew Delhi
_bWiley India Pvt Ltd
942 _2ddc
_cBK
999 _c8424
_d8424